Journal of Chinese cinemas.

Bibliographic Details
Format: Journal
Language:English
Published: [Bristol, UK] : Intellect.
Subjects:
Online Availability: Check for online availability

MARC

Tag First Indicator Second Indicator Subfields
LEADER 00000cas a2200000 a 4500
001 in00002259621
005 20151105100234.0
006 m d
007 cr |||||||||||
008 070703c20069999enk|| pss 0 0eng c
010 |a  2007254194 
022 |y 1750-8061 
035 |a (OCoLC)ocn151086424 
035 |a (OCoLC)151086424 
040 |a CUS  |c CUS  |d HLS  |d CUS  |d TXA  |d UtOrBLW 
043 |a a-ch---  |a a-cc--- 
049 |a TXAM 
050 1 4 |a PN1993.C6  |b J68 Electronic 
245 0 0 |a Journal of Chinese cinemas. 
264 1 |a [Bristol, UK] :  |b Intellect. 
310 |a Three times per year 
336 |a text  |b txt  |2 rdacontent 
337 |a computer  |b c  |2 rdamedia 
338 |a online resource  |b cr  |2 rdacarrier 
362 1 |a Began with Vol. 1, issue 1 (Dec. 2006). 
500 |a Description based on first issue; title from journal home page (publisher's Web site, viewed July 3, 2007). 
500 |a Latest issue consulted: Volume 1, issue 2 (May 2007) (viewed July 3, 2007). 
500 |a Electronic resource. 
650 0 |a Motion pictures  |z China  |v Periodicals. 
650 0 |a Motion pictures  |z Taiwan  |v Periodicals. 
776 0 8 |i Also available in print:  |t Journal of Chinese cinemas  |x 1750-8061  |w (DLC) 2007234685  |w (OCoLC)156974334 
948 |a cataloged  |b h  |c 2007/8/22  |d c  |e pbump 
994 |a C0  |b TXA 
999 |a MARS 
999 f f |s 7104bcd1-1338-373d-820e-38251b327f76  |i c3b9e30a-20c6-3804-8a6b-a04501405ce4  |t 0 
952 f f |a Texas A&M University  |b College Station  |c Electronic Resources  |d Available Online  |t 0  |e PN1993.C6 J68  |g Electronic  |h Library of Congress classification 
998 f f |a PN1993.C6 J68  |t 0  |l Available Online